Euretec '79 : polyolefins recent Improvements, applications and comparisons : 1st european technical conference : papers.

Guardado en:
Autores Corporativos: European Technical Conference Gent, Belgium), Society of Plastics Engineers.
Formato: Libro
Idioma:English
Publicado: Greenwich, Conn : Society of Plastics Engineers., 1979.
Materias:
Etiquetas: Agregar Etiqueta
Sin Etiquetas, Sea el primero en etiquetar este registro!
LEADER 00729nam a22001695a 4500
001 EIQ.libpla002459
008 070615s1979####ctuao#########100#0#eng#d
005 20070615182309.0
245 1 0 |a Euretec '79 :  |b polyolefins recent Improvements, applications and comparisons : 1st european technical conference : papers. 
260 |a Greenwich, Conn :  |b Society of Plastics Engineers.,  |c 1979. 
300 |a 1 v. (en varias paginaciones) :  |b il., fotos ;  |c 26 cm. 
111 2 |a European Technical Conference  |n (1st :  |d 1979 :  |c Gent, Belgium) 
710 2 |a Society of Plastics Engineers. 
650 4 |a Poliolefinas  |x Congresos. 
650 4 |a Polyolefins  |x Congresses. 
040 |a AR-BbSID  |b spa  |c AR-BbSID 
859 |a AR-BbSID  |b BIB. PLAPIQUI  |h 668.423  |i Eu 74  |p 1249